| 000 | 00481nam a2200181Ia 4500 | ||
|---|---|---|---|
| 003 | GCL | ||
| 008 | 140319s9999 xx 000 0 eng d | ||
| 040 |
_aGCL / _cGCL |
||
| 082 | 0 | 4 |
_a782.12 _bD M |
| 100 | 1 | _aDENT, EDWARD J. | |
| 245 | 1 | 0 |
_aMOZART'S OPERAS, A CRITICAL STUDY / _cDENT, EDWARD J. |
| 260 |
_a[S.N] : _bCLARENDON PRESS ، _c1991 |
||
| 300 | _a276 P | ||
| 650 | 0 | 4 | _aOPERA |
| 650 | 0 | 4 | _aHISTORY AND CRITICISM |
| 650 | 0 | 4 | _aMOZART, WOLFGANG AMADEUS |
| 942 |
_2ddc _cBK |
||
| 999 |
_c17897 _d17897 |
||